Obchodovať na burze môže každý: Príležitosť skutočne existuje.
Činnosť burzy, obchodovanie na burze. Rozdiel medzi burzovým obchodom a prístupom na burzu. Investovanie, cenné papiere. Vznik Bratislavskej opčnej burzy - BOB. Burza sa zaoberá termínovými a opčnými obchodmi. Rozdiel medzi promptným a termínovým obchodom. Obchodovanie s opciami - držiteľ a vypisova...
Enregistré dans:
| Auteur principal: | |
|---|---|
| Format: | Chapitre de livre |
| Langue: | slovaque |
| Sujets: | |
| Tags: |
Pas de tags, Soyez le premier à ajouter un tag!
|
MARC
| LEADER | 00000naa a2200000 4500 | ||
|---|---|---|---|
| 001 | r012566 | ||
| 005 | 20220826094016.3 | ||
| 041 | 0 | |a slo | |
| 044 | |a CZ | ||
| 245 | 1 | 0 | |a Obchodovať na burze môže každý: Príležitosť skutočne existuje. |c J. Gál |
| 520 | |a Činnosť burzy, obchodovanie na burze. Rozdiel medzi burzovým obchodom a prístupom na burzu. Investovanie, cenné papiere. Vznik Bratislavskej opčnej burzy - BOB. Burza sa zaoberá termínovými a opčnými obchodmi. Rozdiel medzi promptným a termínovým obchodom. Obchodovanie s opciami - držiteľ a vypisovateľ. Riziko v obchodovaní na opčnej burze. Opčný slovníček. | ||
| 610 | 2 | 0 | |a burzy |
| 610 | 2 | 0 | |a obchody burzové |
| 610 | 2 | 0 | |a Bratislavská opčná burza |
| 610 | 2 | 0 | |a BOB Bratislava |
| 610 | 2 | 0 | |a opcie |
| 610 | 2 | 0 | |a terminológia |
| 610 | 2 | 0 | |a RM-Systém |
| 100 | 1 | |a Gál, J. | |